drop dead - Olivia Rodrigo - Statistics

General Stats
  • This quiz has been taken 21 times
  • The average score is 321 of 397
Answer Stats
% Correct
a
100%
finish
100%
I
100%
Like
100%
like
100%
Like,
100%
that
100%
the
100%
The
100%
you
100%
You
100%
11
93%
an
93%
angel
93%
at
93%
bar
93%
bed
93%
beer
93%
bored
93%
closes
93%
dead
93%
drop
93%
he
93%
hope
93%
in
93%
internet
93%
it
93%
It's
93%
know
93%
might
93%
night
93%
of
93%
on
93%
one
93%
One
93%
stalked
93%
to
93%
all
87%
All
87%
And
87%
and
87%
But
87%
feminine
87%
Heaven"
87%
intuition
87%
"Just
87%
just
87%
kiss
87%
Kiss
87%
lookin'
87%
me
87%
never
87%
standin'
87%
standing
87%
this
87%
up
87%
Versailles
87%
walls
87%
was
87%
we
87%
words
87%
always
80%
bathroom
80%
been
80%
'Cause
80%
ever
80%
had
80%
I've
80%
most
80%
Oh,
80%
us
80%
vision
80%
alive
73%
France?
73%
Gemini
73%
go
73%
here
73%
if
73%
If
73%
Japan?
73%
Pisces
73%
right
73%
then
73%
throw
73%
chewing
67%
have
67%
let
67%
line
67%
Now
67%
pressed
67%
real
67%
stay
67%
think
67%
together
67%
why
67%
you're
67%
You're
67%
boy
60%
forever
60%
gum
60%
I'd
60%
nice
60%
out
60%
so,
60%
so
60%
taken
60%
them
60%
wrote
60%
bunch
53%
damn
53%
Eurostar
53%
goddamn
53%
got
53%
gut
53%
hints
53%
home
53%
I'm
53%
Left
53%
Let's
53%
let's
53%
Or
53%
paranoid
53%
really
53%
Well,
53%
world
53%
can
47%
droppin'
47%
hook,
47%
love
47%
made
47%
punch
47%
steady,
47%
stuff
47%
tell
47%
walked
47%
whole
47%
feel
40%
held
40%
make
40%
off
40%
slow
40%
Yeah,
40%
Clothes
33%
could
33%
fall
33%
ground
33%
how
33%
maybe
33%
makeout
27%
my hand,
27%
promised,
27%
(Ah
7%
ah)
7%
likе
0%
prеtty,
0%
No matching quizzes found
Score Distribution
Percent of People with Each Score
Percentile by Number Answered
Your Score History
You have not taken this quiz